The Man With The Golden Gun / (Record no. 22851)
[ view plain ]
| 000 -LEADER | |
|---|---|
| fixed length control field | 01878nam a22003737a 4500 |
| 003 - CONTROL NUMBER IDENTIFIER | |
| control field | dpl |
| 005 - DATE AND TIME OF LATEST TRANSACTION | |
| control field | 20090202123529.0 |
| 007 - PHYSICAL DESCRIPTION FIXED FIELD--GENERAL INFORMATION | |
| fixed length control field | DVD |
| 008 - FIXED-LENGTH DATA ELEMENTS--GENERAL INFORMATION | |
| fixed length control field | 050907s2005 cau105 g 00| 0 eng d |
| 010 ## - LIBRARY OF CONGRESS CONTROL NUMBER | |
| LC control number | DVD-001608-1609 |
| 024 ## - OTHER STANDARD IDENTIFIER | |
| Standard number or code | MGM 1045 |
| Terms of availability | 599.00 for set of 2 DVD |
| 035 ## - SYSTEM CONTROL NUMBER | |
| System control number | DVD-001608-1609 |
| 040 ## - CATALOGING SOURCE | |
| Original cataloging agency | DPL |
| Transcribing agency | DPL |
| 092 ## - LOCALLY ASSIGNED DEWEY CALL NUMBER (OCLC) | |
| Classification number | DVD / MANW |
| 245 ## - TITLE STATEMENT | |
| Title | The Man With The Golden Gun / |
| Medium | [videorecording] DVD / |
| Statement of responsibility, etc | Harry Salizman and Albert R. Broccoli Presents |
| 250 ## - EDITION STATEMENT | |
| Edition statement | Ultimate Edition |
| 260 ## - PUBLICATION, DISTRIBUTION, ETC. (IMPRINT) | |
| Name of publisher, distributor, etc | Excel Home Video |
| 300 ## - PHYSICAL DESCRIPTION | |
| Extent | 2 videodisc DVD; (126 min.); |
| Other physical details | sd., col. ; |
| Dimensions | 4-3/4 in. |
| Type of unit | DVD |
| 440 ## - SERIES STATEMENT/ADDED ENTRY--TITLE | |
| Title | James Bond Series |
| 508 ## - CREATION/PRODUCTION CREDITS NOTE | |
| Creation/production credits note | Director of photography, Oliver Wood ; art directors, Shepherd Frankel, Don Macaulay ; editor, William Hoy ; music, Miri Ben-Ari, John Ottman ; costume designer, Jose Fernandez, Wendy Partridge ; production designer, Bill Boes ; visual effects supervisors |
| 538 ## - SYSTEM DETAILS NOTE | |
| System details note | Dolby digital 5.1, English Subtitles in English,Thai, Mandarin, Korean |
| 538 ## - SYSTEM DETAILS NOTE | |
| System details note | Aspect Ratio 1:85.1,Presentation Type: Wide Screen, Presentation Size: 16x9, Format: DVD 9 Dual Layer Single Sided Disc. Layer Transition may trigger a slight pause. |
| 650 ## - SUBJECT ADDED ENTRY--TOPICAL TERM | |
| Topical term or geographic name as entry element | Motion Picture |
| 700 ## - ADDED ENTRY--PERSONAL NAME | |
| Personal name | Saltzman, Harry |
| 700 ## - ADDED ENTRY--PERSONAL NAME | |
| Personal name | Broccoli, Albert R. |
| 700 ## - ADDED ENTRY--PERSONAL NAME | |
| Personal name | Moorie, Roger |
| 700 ## - ADDED ENTRY--PERSONAL NAME | |
| Personal name | Fleming's, Ian |
| 700 ## - ADDED ENTRY--PERSONAL NAME | |
| Personal name | Ekland, Britt |
| 700 ## - ADDED ENTRY--PERSONAL NAME | |
| Personal name | Barry, John |
| 942 ## - ADDED ENTRY ELEMENTS (KOHA) | |
| Koha item type | CD-ROMs, DVDs, VHS |
| Source of classification or shelving scheme | Dewey Decimal Classification |
| Classification part | DVD |
| Call number suffix | MANW |
| Withdrawn status | Lost status | Source of classification or shelving scheme | Damaged status | Not for loan | Home library | Current library | Date acquired | Source of acquisition | Cost, normal purchase price | Total Checkouts | Full call number | Barcode | Date last seen | Date checked out | Copy number | Cost, replacement price | Price effective from | Koha item type | Total Renewals | Checked out |
|---|---|---|---|---|---|---|---|---|---|---|---|---|---|---|---|---|---|---|---|---|
| Dewey Decimal Classification | Central Library | Central Library | 02/02/2009 | Purchase | 599.00 | 24 | DVD MANW | DVD-001608 | 02/11/2013 | 14/10/2013 | 1 | 599.00 | 02/02/2009 | CD-ROMs, DVDs, VHS | ||||||
| Dewey Decimal Classification | Sarojini Nagar | Sarojini Nagar | 02/02/2009 | Purchase | 599.00 | 30 | DVD MANW | DVD-001609 | 15/09/2015 | 15/09/2015 | 1 | 599.00 | 02/02/2009 | CD-ROMs, DVDs, VHS | 2 | 29/09/2015 |
